banner koha

Analise da irrigacao por aspersao, teste de aspersores (Registro n. 41925)

MARC details
000 -LÍDER
campo de controle de tamanho fixo 00838nam a22002777a 4500
001 - NÚMERO DE CONTROLE
campo de controle BR8803139
003 - IDENTIFICADOR DO NÚMERO DE CONTROLE
campo de controle BR-BrBNA
005 - DATA E HORÁRIO DA ÚLTIMA TRANSAÇÃO
campo de controle 20230928092916.0
007 - CAMPO FIXO DE DESCRIÇÃO FÍSICA--INFORMAÇÃO GERAL
campo de controle de tamanho fixo ta
008 - CAMPO DE DADOS FIXOS--INFORMAÇÃO GERAL
campo de controle de tamanho fixo 230509b bl.||||| |||| 00| 0 por d
040 ## - FONTE DA CATALOGAÇÃO
Instituição da catalogação original BR-BrBNA
Idioma da catalogação por
Instituição que transcreveu o registro Biblioteca Nacional de Agricultura
041 ## - CÓDIGO DE IDIOMA
Código do idioma do texto/trilha sonora ou título diferente (Por)
072 ## - CÓDIGO DE CATEGORIA DE ASSUNTO
Código de Categoria de Assunto F06
Código do objeto 4630
090 ## - NÚMERO DE CHAMADA LOCAL
-- 4630 BR8803139
100 1# - ENTRADA PRINCIPAL--NOME PESSOAL
Nome pessoal Piao, A.
100 1# - ENTRADA PRINCIPAL--NOME PESSOAL
Nome pessoal Abreu, R.R.M. de
100 1# - ENTRADA PRINCIPAL--NOME PESSOAL
Nome pessoal Cruz, J.G. da S.
110 1# - ENTRADA PRINCIPAL--NOME CORPORATIVO
Nome corporativo ou nome da jurisdição Escola de Engenharia de Sao Carlos, SP (Brasil). Depto. de Hidraulica e Saneamento
9 (RLIN) 4304
245 1# - TÍTULO
Título Analise da irrigacao por aspersao, teste de aspersores
Restante do título Trabalho de formatura
260 3# - PUBLICAÇÃO, DISTRIBUIÇÃO, ETC.
Local de publicação, distribuição, etc. Sao Carlos, SP (Brasil):
Data da publicação, distribuição, etc. 1965.
300 ## - DESCRIÇÃO FÍSICA
Extensão 53 p.
500 ## - NOTA GERAL
Nota geral 20 graphs; 20 tables
650 ## - ASSUNTO--TERMO TÓPICO
Cabeçalho tópico ou nome geográfico IRRIGACAO POR ASPERSAO
909 ## -
-- 202309
-- Lucia
-- 55
-- Lucia Elande
942 ## - ELEMENTOS DE ENTRADA ADICIONADOS (KOHA)
Tipo de material Koha Livros
Exemplares
Situação do descarte Fonte da classificação ou esquema de arquivamento na estante Situação física Não pode ser emprestado Coleção Biblioteca de origem Biblioteca atual Total de empréstimos Número de telefone completo Código de barras Data de último acesso Número do exemplar Tipo de material Koha Situação das perdas Data de aquisição Fonte de aquisição
  Classificação AGRIS       Biblioteca Nacional de Agricultura - Binagri Biblioteca Nacional de Agricultura - Binagri   4630 BR8803139 4630 BR8803139 25/09/2023 01 Livros   2023-09-25 Portaria Interministerial nº 164/94

BINAGRI

Telefone: (61)3218-2567/2388/3357/2097 - binagri@agro.gov.br

Ministério da Agricultura e Pecuária , Esplanada dos Ministérios, Bloco D, Anexo B, Brasília/DF, CEP: 70.043-900